000 00661nam a2200265Ia 4500
008 170712s9999 xx 000 0 und d
020 _a9789712720925
050 _a950
050 _bR175 2008
245 _aRamon Magsaysay awardees 2006-2007 and Awardee organizations 1958-2006 /
245 _cby Lorna K. Tirol.
260 _aPhilippines :
260 _bAnvil,
260 _c2008
300 _a318 pages :
300 _billustrations ;
300 _c22cm.
650 _aAsia --
650 _aAwards --
650 _aRamon Magsaysay awards.
650 _aTirol, Lorna K.
650 _xAsia.
650 _xBiography.
650 _xTitle.
999 _c340278
_d340278